| 000 | 00750nam a2200217 a 4500 | ||
|---|---|---|---|
| 005 | 20231012063717.0 | ||
| 008 | 040423s2002 mx r 000 0 spa d | ||
| 020 | _a9702603188 | ||
| 035 | _aUPN01000133081 | ||
| 049 | _aCG | ||
| 050 | 4 |
_aPC4410 _bP5.4 |
|
| 100 | 1 | _aPineda Ramírez, María Ignacia | |
| 245 | 1 | 0 |
_aLectura y redacción con análisis literario / _cMaría Ignacia Pineda Ramírez, Francisco Javier Lemus Hernández. |
| 260 |
_aMéxico : _bPearson Education, _cc2002. |
||
| 300 | _a238 p. | ||
| 650 | 4 |
_aESPAÑOL - _xCOMPOSICION Y EJERCICIOS _96152 |
|
| 650 | 4 |
_aESPAÑOL - _xINVESTIGACION _922116 |
|
| 650 | 4 |
_aEspañol _xEjercicios de redacción _910742 |
|
| 700 | 1 |
_aLemus Hernández, Francisco Javier, _ecoaut. |
|
| 905 | _aLibro | ||
| 999 |
_c105234 _d105234 |
||